000 00485cam a2200193ua 4500
001 2180
008 110804n ii |||gr||||Z||||||asm
020 _a81-7680-038-4
040 _cMAIN
082 _a370.15
100 _aSharma, Mukul kr.,
_eAuthor.
245 1 _aShiksha monobigyan
_cby Mukul Kr. Sharma
250 _a1st.
260 _aDibrugarh:
_bTushar publishing house,
_c2010.
300 _a668p:
_c23cm.
653 _aEducation
653 _aShiksha monobigyan
942 _cBK
999 _c2048
_d2048